000 01151namaa2200289 i 4500
003 EG-GICUC
005 20260209105022.0
008 260209s199u ua ||||jr|||| 000 0 ara d
040 _aEG-GiCUC
_bara
_cEG-GiCUC
_dEG-GiCUC
_erda
082 0 4 _221
_a811.3
_bD535kh
092 0 4 _221
_a811.3
_bD535kh
099 _a811.3 D535kh
100 1 _aخليف، يوسف
_eمؤلف.
245 1 0 _aذو الرمة :
_bشاعر الحب والصحراء /
_cتأليف الدكتور يوسف خليف
264 _aالقاهرة (مصر) :
_bمكتبة غريب،
_c199-
300 _a455 صفحة ؛
_c24 سم
_bإيضاحيات، صور، مثيليات ؛ Illustrations
336 _2rdacontent
_atext
337 _2rdamedia
_aUnmediated
338 _2rdacarrier
_avolume
504 _aيشتمل على ارجاعات ببليوجرافية
541 _aد. / جابر عصفور ؛
_bالقاهرة ؛
_cإهداء ؛
_d2024.
600 _aذو الرمة، غيلان بن عقبة
_d696-735
650 1 7 _aالشعر العربى
_xتاريخ ونقد
_yالعصر الأموى
_2qrmak
651 1 _2qrmak
905 _aAmira
942 _2ddc
_cBK
_e21
_n0
999 _c178278
_d178278